000 00308 a2200133 4500
001 66132
082 _a621.3TRI
090 _c38427
_d38427
100 _aTrietley Harry
245 _aTransducers in Mechanical and Electrical Design
250 _a1
260 _aN.Y
_bMarcel Dekker
_c1986
300 _a374p
942 _aNUST-CAE
_k621.3TRI
999 _c301205
_d301205